Fr. Conceicao Rodrigues College of Engineering

Foundation of Electromagnectic Theory (Record no. 35080)

MARC details
000 -LEADER
fixed length control field 00327nam a2200133Ia 4500
082 ## - DEWEY DECIMAL CLASSIFICATION NUMBER
Classification number 530.141
Item number PAN
100 ## - MAIN ENTRY--PERSONAL NAME
Personal name Reitz/ J.R. & others
245 ## - TITLE STATEMENT
Title Foundation of Electromagnectic Theory
260 ## - PUBLICATION, DISTRIBUTION, ETC.
Name of publisher, distributor, etc. Narosa Pub House
Place of publication, distribution, etc. New Delhi
Date of publication, distribution, etc. 1979
546 ## - LANGUAGE NOTE
Language note ENGLISH
654 ## - SUBJECT ADDED ENTRY--FACETED TOPICAL TERMS
Focus term Electromagnectic Theory
942 ## - ADDED ENTRY ELEMENTS (KOHA)
Koha item type BOOK
Holdings
Withdrawn status Lost status Damaged status Not for loan Collection Home library Current library Shelving location Date acquired Cost, normal purchase price Total Checkouts Full call number Barcode Date last seen Cost, replacement price Price effective from Koha item type
        CRC Fr. Agnel's C.Rodrigues College of Engineering Fr. Agnel's C.Rodrigues College of Engineering   17/03/2023 110.00   530.141 PAN 6110 17/03/2023 110.00 17/03/2023 BOOK